<?xml version="1.0" encoding="UTF-8"?>
<record
    xmlns:xsi="http://www.w3.org/2001/XMLSchema-instance"
    xsi:schemaLocation="http://www.loc.gov/MARC21/slim http://www.loc.gov/standards/marcxml/schema/MARC21slim.xsd"
    xmlns="http://www.loc.gov/MARC21/slim">

  <leader>01037nam a22002417a 4500</leader>
  <controlfield tag="003">OSt</controlfield>
  <controlfield tag="005">20260316111319.0</controlfield>
  <controlfield tag="008">260316b        |||||||| |||| 00| 0 eng d</controlfield>
  <datafield tag="020" ind1=" " ind2=" ">
    <subfield code="z">9781350058026</subfield>
    <subfield code="q">pbk.</subfield>
  </datafield>
  <datafield tag="040" ind1=" " ind2=" ">
    <subfield code="b">eng</subfield>
    <subfield code="c">HDL</subfield>
  </datafield>
  <datafield tag="082" ind1="0" ind2="0">
    <subfield code="a">111.850954  Q8</subfield>
    <subfield code="2">23</subfield>
  </datafield>
  <datafield tag="245" ind1="0" ind2="4">
    <subfield code="a">8The Bloomsbury research handbook of Indian aesthetics and the philosophy of art /</subfield>
    <subfield code="c">edited by Arindam Chakrabarti.</subfield>
  </datafield>
  <datafield tag="264" ind1=" " ind2="1">
    <subfield code="a">London ;</subfield>
    <subfield code="a">New York :</subfield>
    <subfield code="b">Bloomsbury Academic, an imprint of Bloomsbury Publishing Plc,</subfield>
    <subfield code="c">2018.</subfield>
  </datafield>
  <datafield tag="300" ind1=" " ind2=" ">
    <subfield code="a">x,428p.</subfield>
  </datafield>
  <datafield tag="336" ind1=" " ind2=" ">
    <subfield code="a">text</subfield>
    <subfield code="2">rdacontent</subfield>
  </datafield>
  <datafield tag="337" ind1=" " ind2=" ">
    <subfield code="a">computer</subfield>
    <subfield code="b">c</subfield>
    <subfield code="2">rdamedia</subfield>
  </datafield>
  <datafield tag="338" ind1=" " ind2=" ">
    <subfield code="a">online resource</subfield>
    <subfield code="b">cr</subfield>
    <subfield code="2">rdacarrier</subfield>
  </datafield>
  <datafield tag="490" ind1="0" ind2=" ">
    <subfield code="a">Bloomsbury Research Handbooks in Asian Philosophy</subfield>
  </datafield>
  <datafield tag="700" ind1="1" ind2=" ">
    <subfield code="a">Chakrabarti, Arindam,</subfield>
    <subfield code="e">editor.</subfield>
    <subfield code="9">1131854</subfield>
  </datafield>
  <datafield tag="776" ind1="0" ind2="8">
    <subfield code="i">Print Version:</subfield>
    <subfield code="t">The Bloomsbury research handbook of Indian aesthetics and the philosophy of art</subfield>
    <subfield code="d">London ; New York : Bloomsbury Academic, an imprint of Bloomsbury Publishing Plc, 2016.</subfield>
    <subfield code="z">9781472528353</subfield>
    <subfield code="w">(DLC) 2015028329</subfield>
  </datafield>
  <datafield tag="942" ind1=" " ind2=" ">
    <subfield code="c">TEXL</subfield>
  </datafield>
  <datafield tag="999" ind1=" " ind2=" ">
    <subfield code="c">1715467</subfield>
    <subfield code="d">1715467</subfield>
  </datafield>
  <datafield tag="952" ind1=" " ind2=" ">
    <subfield code="0">0</subfield>
    <subfield code="1">0</subfield>
    <subfield code="2">CC</subfield>
    <subfield code="4">0</subfield>
    <subfield code="7">0</subfield>
    <subfield code="a">HDL</subfield>
    <subfield code="b">HDL</subfield>
    <subfield code="d">2026-03-16</subfield>
    <subfield code="l">0</subfield>
    <subfield code="r">2026-03-16 11:14:07</subfield>
    <subfield code="w">2026-03-16</subfield>
    <subfield code="y">TEXL</subfield>
  </datafield>
</record>
